| 000 | 00673nam a2200205 i 4500 | ||
|---|---|---|---|
| 001 | 171142 | ||
| 003 | ES-MaACL | ||
| 005 | 20250808062751.0 | ||
| 008 | 090430s1958 sp |||| | spa d | ||
| 017 | _aM 7887-1958 | ||
| 100 | 0 |
_aRoyo Marín, Antonio. _9100232 |
|
| 245 | 1 | 0 |
_aTeología moral para seglares. _nII (último), _pLos sacramentos / _cpor Antonio Royo Marín. |
| 260 |
_aMadrid : _bLa Editorial Católica, _c1958. |
||
| 300 |
_aX, 731 p. ; _c20 cm. |
||
| 490 | 1 |
_aBiblioteca de autores cristianos ; _v173 |
|
| 500 | _aÍndices. | ||
| 830 | 0 | 0 |
_aBiblioteca de autores cristianos _v173 _9178679 |
| 852 |
_aES-MaACL _jJ-170 _9R.46092 |
||
| 999 |
_c171142 _d171142 |
||